[Event "Ciego de Avila Province-ch 1st etapa"]
[Site "Ciego de Avila"]
[Date "2009.09.29"]
[Round "2"]
[White "Aragon Placencia, Jesus"]
[Black "Fonseca del Pozo, Jose"]
[Result "1/2-1/2"]
[WhiteElo "2073"]
[BlackElo "2020"]
[PlyCount "33"]
[EventDate "2009.09.21"]
[EventType "tourn"]
[EventRounds "14"]
[EventCountry "CUB"]
[SourceTitle "EXT 2019"]
[Source "ChessBase"]
[SourceDate "2018.10.10"]
[SourceVersion "1"]
[SourceVersionDate "2018.10.10"]
[SourceQuality "1"]

1. e4 c5 2. Nf3 Nc6 3. Bb5 a6 4. Bxc6 dxc6 5. Nc3 Bg4 6. 0-0 Nf6 7. e5 Nd5 8. Nxd5 Qxd5 9. d3 e6 10. Re1 Be7 11. Bd2 0-0 12. h3 Bxf3 13. Qxf3 Qxf3 14. gxf3 Rad8 15. b3 b6 16. a4 a5 17. Bc3 1/2-1/2